Una magia modesta /

Guardado en:
Autor Principal: Bioy Casares, Adolfo
Formato: Libro
Publicado: Buenos Aires : Temas, 1998
Edición:2a. ed.
Materias:
Etiquetas: Agregar Etiqueta
Sin Etiquetas, Sea el primero en etiquetar este registro!
LEADER 00689nam a22002295a 4500
001 CEM.cems010735
008 130507s1998##################000#0#####d
005 20210928154002.0
003 CEMS
245 1 0 |a Una magia modesta /  |c Adolfo Bioy Casares 
250 |a 2a. ed. 
260 |a Buenos Aires :  |b Temas,  |c 1998 
300 |a 152 p. 
020 |a 9879164156 
100 1 |a Bioy Casares, Adolfo 
082 0 4 |a A863.4 
653 |a Cuentos 
653 |a Cuentos argentinos siglo 20 
653 |a Literatura 
653 |a Literatura argentina-siglo 20 
859 |a CEMS  |b BIB. CEMS - 11 de abril  |h A863.4  |i B525-9a2  |p 21417.01  |t Ej.1 
859 |a CEMS  |b BIB. CEMS - 11 de abril  |h A863.4  |i B525-9a2  |p 29220.21  |t Ej.2